Oceňovanie majetku a zdrojov majetku v účtovníctve podnikateľských subjektov v SR bakalárska práca

Uložené v:
Podrobná bibliografia
Hlavný autor: Trnkusová, Ivana
Korporativný autor: Fakulta hospodárskej informatiky EU. Katedra účtovníctva a audítorstva
Ďalší autori: Szászová, Renáta
Médium: Kniha
Jazyk:Slovak
Vydavateľské údaje: Bratislava 2010
Tagy: Pridať tag
Žiadne tagy, Buďte prvý, kto otaguje tento záznam!

MARC

LEADER 00000nbm a2200000 4500
001 0133728
005 20161109111546.6
041 0 |a slo 
044 |a SK 
245 1 0 |a Oceňovanie majetku a zdrojov majetku v účtovníctve podnikateľských subjektov v SR  |b bakalárska práca  |c Ivana Trnkusová ; školiteľ: Renáta Szászová 
264 1 |a Bratislava  |c 2010 
300 |a 42 s. 
100 1 |a Trnkusová, Ivana 
700 1 |a Szászová, Renáta 
710 2 |a Fakulta hospodárskej informatiky EU. Katedra účtovníctva a audítorstva